000 00247nam a2200121Ia 4500
100 _aAgarwal/R.D
650 _aGeneral
942 _cBK
654 _aInstallation
245 _aDesk Work
260 _bCurriculum Centre
_c2001
546 _aENGLISH
999 _c31794
_d31794